000 00789nam a22002417a 4500
005 20170124110247.0
010 _a939389
020 _c00.00
035 _a939389
037 _bCen Lib/Ret
040 _aDPL
_bEN
082 _a220.24
_bDES
100 _aDesika, Sri Vedanta
_997808
245 _aIsavasyopanishad bhashya /
_cby Sri Vedanta Desika ; edited by K.C.Varadachari [and] D.T.Thathacharya
260 _bVedanta Desika Research Society
_aMadras
_c1975
270 _bMadras
_e17
_a20 Burkit Road, T.Nagar
300 _a106p.
_c19cm(Hb)
490 _aHomage to Vedanta Desika series
_v4
650 _a Upanishads. -- Īśopaniṣad.
_997809
700 _aVaradachari, K.C.
_997810
700 _aThathacharya, D.T.
_997811
942 _2ddc
_cEN
_h220.24
_mDES
999 _c135609
_d135609